000 00835nam a22002297a 4500
999 _c19731
_d19731
003 AR-CdUCM
008 190521b ||||| |||| 00| 0 spa d
020 _a84-89303-58-4
040 _aMUNICIPALIDAD PROVINCIAL DEL CUSCO
_cBIBLIOTECA MUNICIPAL DEL CUSCO
082 _a303.3 /
_bS78
100 _aStavig, Ward
_941268
245 _aAmor y violencia sexual :
_bvalores indígenas en la sociedad colonial /
260 _aPerú :
_bIEP,
_bUSF,
_c1996.
300 _a93 páginas ;
_c21 cm.
440 _aColección Mínima
_n34
_941269
505 _aContenido: Conflictos internos y valores coloniales -- Los afectos y la violencia -- La violencia en el comunidad india...
650 _aVulnerabilidad sexual
_941270
650 _aConflictos
_920170
650 _aViolencia
_911768
942 _2ddc
_cLIBROS
945 _adavv
_d2019-05-21